[Event "ODJM B 2025"]
[Site "Willingen GER"]
[Date "2025.06.11"]
[Round "5"]
[White "Han, Erdem"]
[Black "Müller, Maximilian"]
[Result "1-0"]
[Termination "normal"]
[Board "28"]
[WhiteElo "1765"]
[BlackElo "1745"]
[WhiteClock "00:41:40"]
[BlackClock "01:00:27"]
[PlyCount "33"]
[WhiteFideId "533000646"]
[BlackFideId "34640282"]
[EventCountry "GER"]
[EventRounds "9"]
[EventType "swiss"]
[EventDate "2025.06.07"]

1. d4 {[%clk 01:30:58]} {[%emt 00:00:01]} d5 {[%clk 01:30:55]} {[%emt
00:00:05]} 2. c4 {[%clk 01:31:24]} {[%emt 00:00:05]} c6 {[%clk 01:31:23]}
{[%emt 00:00:03]} 3. Nc3 {[%clk 01:31:45]} {[%emt 00:00:08]} dxc4 {[%clk
01:31:33]} {[%emt 00:00:19]} 4. a4 {[%clk 01:31:46]} {[%emt 00:00:29]} Nf6
{[%clk 01:26:59]} {[%emt 00:05:04]} 5. e4 {[%clk 01:27:42]} {[%emt 00:04:34]}
e6 {[%clk 01:26:34]} {[%emt 00:00:55]} 6. Bxc4 {[%clk 01:27:04]} {[%emt
00:01:08]} Bb4 {[%clk 01:26:07]} {[%emt 00:00:57]} 7. f3 {[%clk 01:14:19]}
{[%emt 00:13:16]} Nbd7 {[%clk 01:21:54]} {[%emt 00:04:44]} 8. Nge2 {[%clk
01:13:31]} {[%emt 00:01:16]} e5 {[%clk 01:12:59]} {[%emt 00:09:25]} 9. Bxf7+
{[%clk 01:03:06]} {[%emt 00:10:56]} Kxf7 {[%clk 01:13:22]} {[%emt 00:00:08]}
10. Qb3+ {[%clk 01:03:24]} {[%emt 00:00:11]} Ke8 {[%clk 01:13:48]} {[%emt
00:00:04]} 11. Qxb4 {[%clk 01:03:39]} {[%emt 00:00:15]} exd4 {[%clk 01:11:46]}
{[%emt 00:02:32]} 12. Qxd4 {[%clk 01:02:07]} {[%emt 00:02:02]} Qe7 {[%clk
01:11:00]} {[%emt 00:01:16]} 13. Bg5 {[%clk 00:57:18]} {[%emt 00:05:18]} Rf8
{[%clk 01:07:23]} {[%emt 00:04:08]} 14. O-O {[%clk 00:53:08]} {[%emt 00:04:40]}
c5 {[%clk 01:07:06]} {[%emt 00:00:47]} 15. Qd2 {[%clk 00:47:52]} {[%emt
00:05:44]} Rf7 {[%clk 01:02:05]} {[%emt 00:05:33]} 16. Nd5 {[%clk 00:44:16]}
{[%emt 00:04:04]} Qe5 {[%clk 01:00:27]} {[%emt 00:02:09]} 17. Bf4 {[%clk
00:41:40]} {[%emt 00:03:06]} 1-0

[Event "ODJM B 2025"]
[Site "Willingen GER"]
[Date "2025.06.11"]
[Round "5"]
[White "Frank, Carolin"]
[Black "Kanno, Clara Yumi"]
[Result "0-1"]
[Termination "normal"]
[Board "29"]
[WhiteElo "1724"]
[BlackElo "1706"]
[WhiteClock "00:02:14"]
[BlackClock "00:12:52"]
[PlyCount "84"]
[WhiteFideId "16207190"]
[BlackFideId "16259661"]
[EventCountry "GER"]
[EventRounds "9"]
[EventType "swiss"]
[EventDate "2025.06.07"]

1. Nf3 {[%clk 01:30:57]} {[%emt 00:00:02]} d5 {[%clk 01:30:51]} {[%emt
00:00:10]} 2. g3 {[%clk 01:31:11]} {[%emt 00:00:16]} Bg4 {[%clk 01:29:22]}
{[%emt 00:01:59]} 3. Bg2 {[%clk 01:30:45]} {[%emt 00:00:56]} Nd7 {[%clk
01:28:00]} {[%emt 00:01:52]} 4. h3 {[%clk 01:24:22]} {[%emt 00:06:52]} Bh5
{[%clk 01:27:51]} {[%emt 00:00:39]} 5. d4 {[%clk 01:23:59]} {[%emt 00:00:53]}
c6 {[%clk 01:27:50]} {[%emt 00:00:31]} 6. O-O {[%clk 01:23:35]} {[%emt
00:00:54]} Ngf6 {[%clk 01:27:04]} {[%emt 00:01:16]} 7. b3 {[%clk 01:17:54]}
{[%emt 00:06:10]} e6 {[%clk 01:25:40]} {[%emt 00:01:55]} 8. Bb2 {[%clk
01:17:53]} {[%emt 00:00:31]} Be7 {[%clk 01:24:22]} {[%emt 00:01:48]} 9. c4
{[%clk 01:13:54]} {[%emt 00:04:29]} O-O {[%clk 01:18:58]} {[%emt 00:05:54]} 10.
Nc3 {[%clk 01:12:42]} {[%emt 00:01:42]} h6 {[%clk 01:16:51]} {[%emt 00:02:37]}
11. Rc1 {[%clk 01:10:09]} {[%emt 00:03:02]} Re8 {[%clk 01:15:00]} {[%emt
00:02:22]} 12. Qd2 {[%clk 01:00:24]} {[%emt 00:10:14]} Bb4 {[%clk 01:08:56]}
{[%emt 00:06:36]} 13. a3 {[%clk 00:57:52]} {[%emt 00:03:01]} Ne4 {[%clk
01:06:44]} {[%emt 00:02:42]} 14. Qe3 {[%clk 00:53:12]} {[%emt 00:05:08]} Nxc3
{[%emt 00:03:47]} 15. Bxc3 {[%clk 00:51:49]} {[%emt 00:00:23]} Bxa3 {[%clk
01:04:45]} {[%emt 00:00:45]} 16. Ra1 {[%clk 00:49:24]} {[%emt 00:02:54]} Bd6
{[%clk 01:03:52]} {[%emt 00:01:23]} 17. Ra2 {[%clk 00:46:44]} {[%emt 00:03:10]}
a6 {[%clk 01:02:25]} {[%emt 00:01:58]} 18. Ba5 {[%clk 00:42:12]} {[%emt
00:05:01]} Bc7 {[%clk 01:00:05]} {[%emt 00:02:51]} 19. Bb4 {[%clk 00:41:13]}
{[%emt 00:01:27]} Nf6 {[%clk 00:53:48]} {[%emt 00:06:48]} 20. Ne1 {[%clk
00:37:51]} {[%emt 00:03:51]} Bb6 {[%clk 00:50:04]} {[%emt 00:04:15]} 21. Rd2
{[%clk 00:32:57]} {[%emt 00:05:24]} e5 {[%clk 00:46:07]} {[%emt 00:04:27]} 22.
c5 {[%clk 00:30:13]} {[%emt 00:03:14]} exd4 {[%clk 00:43:53]} {[%emt 00:02:45]}
23. Qxd4 {[%clk 00:29:19]} {[%emt 00:01:23]} Bc7 {[%clk 00:43:31]} {[%emt
00:00:52]} 24. e3 {[%clk 00:21:48]} {[%emt 00:07:59]} Be5 {[%clk 00:37:51]}
{[%emt 00:06:08]} 25. Qd3 {[%clk 00:21:19]} {[%emt 00:01:02]} Bg6 {[%clk
00:37:06]} {[%emt 00:01:15]} 26. Qe2 {[%clk 00:20:56]} {[%emt 00:00:54]} a5
{[%clk 00:35:30]} {[%emt 00:02:07]} 27. Ba3 {[%clk 00:20:24]} {[%emt 00:01:01]}
Bc3 {[%clk 00:32:43]} {[%emt 00:03:15]} 28. Rd1 {[%clk 00:20:18]} {[%emt
00:00:37]} Qe7 {[%clk 00:30:57]} {[%emt 00:02:17]} 29. Rc1 {[%clk 00:17:05]}
{[%emt 00:03:43]} d4 {[%clk 00:26:02]} {[%emt 00:05:26]} 30. Qd1 {[%clk
00:10:23]} {[%emt 00:07:10]} Rad8 {[%clk 00:23:47]} {[%emt 00:02:45]} 31. exd4
{[%clk 00:09:43]} {[%emt 00:01:10]} Rxd4 {[%clk 00:16:30]} {[%emt 00:07:48]}
32. Qf3 {[%clk 00:09:52]} {[%emt 00:00:20]} Bxe1 {[%clk 00:16:43]} {[%emt
00:00:18]} 33. Rfxe1 {[%clk 00:09:02]} {[%emt 00:01:20]} Qxe1+ {[%clk
00:17:00]} {[%emt 00:00:13]} 34. Rxe1 {[%clk 00:09:06]} {[%emt 00:00:26]} Rxe1+
{[%clk 00:17:26]} {[%emt 00:00:04]} 35. Kh2 {[%clk 00:08:30]} {[%emt 00:01:05]}
Rd3 {[%clk 00:16:45]} {[%emt 00:01:08]} 36. Qf4 {[%clk 00:07:48]} {[%emt
00:01:15]} Rxb3 {[%clk 00:16:10]} {[%emt 00:01:06]} 37. Bc1 {[%clk 00:06:35]}
{[%emt 00:01:41]} Be4 {[%clk 00:12:58]} {[%emt 00:03:38]} 38. Bd2 {[%clk
00:05:18]} {[%emt 00:01:52]} Re2 {[%clk 00:12:26]} {[%emt 00:00:59]} 39. Bxa5
{[%clk 00:02:50]} {[%emt 00:03:01]} Bxg2 {[%clk 00:12:21]} {[%emt 00:00:35]}
40. Kxg2 {[%clk 00:03:03]} {[%emt 00:00:18]} Rbb2 {[%clk 00:12:19]} {[%emt
00:00:29]} 41. Bc3 {[%clk 00:02:05]} {[%emt 00:01:29]} Rxf2+ {[%clk 00:12:28]}
{[%emt 00:00:23]} 42. Qxf2 {[%clk 00:02:14]} {[%emt 00:00:20]} Rxf2+ {[%clk
00:12:52]} {[%emt 00:00:06]} 0-1

[Event "ODJM B 2025"]
[Site "Willingen GER"]
[Date "2025.06.11"]
[Round "5"]
[White "Harbring, Thorben"]
[Black "Salim, Florian"]
[Result "1-0"]
[Termination "normal"]
[Board "30"]
[WhiteElo "1755"]
[BlackElo "1730"]
[WhiteClock "00:21:23"]
[BlackClock "00:21:04"]
[PlyCount "49"]
[WhiteFideId "34607110"]
[BlackFideId "533001960"]
[EventCountry "GER"]
[EventRounds "9"]
[EventType "swiss"]
[EventDate "2025.06.07"]

1. b3 {[%clk 01:30:58]} {[%emt 00:00:01]} c5 {[%clk 01:29:58]} {[%emt
00:01:03]} 2. Bb2 {[%clk 01:31:17]} {[%emt 00:00:10]} Nc6 {[%clk 01:30:09]}
{[%emt 00:00:20]} 3. f4 {[%clk 01:31:28]} {[%emt 00:00:18]} e5 {[%clk
01:26:51]} {[%emt 00:03:48]} 4. fxe5 {[%clk 01:30:12]} {[%emt 00:01:45]} d6
{[%clk 01:26:13]} {[%emt 00:01:10]} 5. exd6 {[%clk 01:29:24]} {[%emt 00:01:18]}
Bxd6 {[%clk 01:26:35]} {[%emt 00:00:07]} 6. Nf3 {[%clk 01:29:41]} {[%emt
00:00:12]} Nf6 {[%clk 01:19:15]} {[%emt 00:07:51]} 7. Nc3 {[%clk 01:25:29]}
{[%emt 00:04:42]} O-O {[%clk 01:17:17]} {[%emt 00:02:28]} 8. e3 {[%clk
01:24:23]} {[%emt 00:01:36]} Re8 {[%clk 01:12:35]} {[%emt 00:05:12]} 9. Be2
{[%clk 01:21:21]} {[%emt 00:03:32]} Ng4 {[%clk 01:09:35]} {[%emt 00:03:30]} 10.
O-O {[%clk 01:16:08]} {[%emt 00:05:43]} Re6 {[%clk 00:54:19]} {[%emt 00:15:47]}
11. h3 {[%clk 01:08:58]} {[%emt 00:07:39]} Nge5 {[%clk 00:47:44]} {[%emt
00:07:05]} 12. Ne4 {[%clk 01:01:42]} {[%emt 00:07:45]} Nxf3+ {[%emt 00:03:54]}
13. Bxf3 {[%clk 01:01:58]} {[%emt 00:00:12]} Bb8 {[%clk 00:43:56]} {[%emt
00:00:58]} 14. Nxc5 {[%emt 00:14:33]} Rh6 {[%clk 00:42:16]} 15. Bg4 {[%clk
00:48:37]} {[%emt 00:01:56]} Bd6 {[%clk 00:29:36]} {[%emt 00:13:11]} 16. Ne4
{[%clk 00:43:48]} {[%emt 00:05:18]} Bc7 {[%clk 00:27:47]} {[%emt 00:02:20]} 17.
Bxc8 {[%clk 00:37:07]} {[%emt 00:07:11]} Rxc8 {[%clk 00:27:46]} {[%emt
00:00:31]} 18. Qg4 {[%clk 00:34:15]} {[%emt 00:03:21]} Rg6 {[%clk 00:26:27]}
{[%emt 00:01:50]} 19. Qf5 {[%clk 00:31:27]} {[%emt 00:03:17]} Qe8 {[%clk
00:25:20]} {[%emt 00:01:39]} 20. Rf2 {[%clk 00:28:36]} {[%emt 00:03:20]} Ne7
{[%clk 00:24:45]} {[%emt 00:01:06]} 21. Qf3 {[%clk 00:28:25]} {[%emt 00:00:40]}
Nd5 {[%clk 00:23:44]} {[%emt 00:01:31]} 22. Raf1 {[%clk 00:26:15]} {[%emt
00:02:39]} f6 {[%clk 00:23:19]} {[%emt 00:00:56]} 23. Qf5 {[%clk 00:21:23]}
{[%emt 00:05:21]} Bg3 {[%clk 00:21:04]} {[%emt 00:02:46]} 24. Rf3 {[%emt
00:02:06]} Ne7 {[%emt 00:00:09]} 25. Qe6+ {[%emt 00:00:04]} 1-0

[Event "ODJM B 2025"]
[Site "Willingen GER"]
[Date "2025.06.11"]
[Round "5"]
[White "Storey, Cameron"]
[Black "Sauer, Ben"]
[Result "1/2-1/2"]
[Termination "normal"]
[Board "31"]
[WhiteElo "1712"]
[BlackElo "1675"]
[WhiteClock "00:29:20"]
[BlackClock "00:06:41"]
[PlyCount "50"]
[WhiteFideId "343453929"]
[BlackFideId "34606866"]
[EventCountry "GER"]
[EventRounds "9"]
[EventType "swiss"]
[EventDate "2025.06.07"]

1. e4 {[%clk 01:30:57]} {[%emt 00:00:02]} c5 {[%clk 01:30:49]} {[%emt
00:00:11]} 2. a3 {[%clk 01:31:23]} {[%emt 00:00:04]} e6 {[%clk 01:30:48]}
{[%emt 00:00:31]} 3. b4 {[%clk 01:31:42]} {[%emt 00:00:10]} cxb4 {[%clk
01:30:10]} {[%emt 00:01:09]} 4. axb4 {[%clk 01:32:06]} {[%emt 00:00:07]} Bxb4
{[%clk 01:28:41]} {[%emt 00:01:59]} 5. c3 {[%clk 01:32:31]} {[%emt 00:00:05]}
Bf8 {[%clk 01:27:08]} {[%emt 00:02:03]} 6. d4 {[%clk 01:32:53]} {[%emt
00:00:07]} d5 {[%clk 01:23:28]} {[%emt 00:04:10]} 7. e5 {[%clk 01:33:15]}
{[%emt 00:00:08]} Nc6 {[%clk 01:22:49]} {[%emt 00:01:10]} 8. Qg4 {[%clk
01:31:57]} {[%emt 00:01:47]} g6 {[%clk 01:21:05]} {[%emt 00:02:14]} 9. h4
{[%clk 01:29:53]} {[%emt 00:02:33]} h5 {[%clk 01:19:50]} {[%emt 00:01:46]} 10.
Qg3 {[%clk 01:30:14]} {[%emt 00:00:09]} Qc7 {[%clk 01:12:27]} {[%emt 00:07:54]}
11. Ba3 {[%clk 01:28:33]} {[%emt 00:02:11]} Bxa3 {[%clk 01:10:02]} {[%emt
00:02:54]} 12. Nxa3 {[%clk 01:28:57]} {[%emt 00:00:06]} Nge7 {[%clk 00:50:55]}
{[%emt 00:19:37]} 13. Nb5 {[%clk 01:28:59]} {[%emt 00:00:28]} Qd7 {[%clk
00:50:49]} {[%emt 00:00:36]} 14. Nd6+ {[%clk 01:29:16]} {[%emt 00:00:13]} Kf8
{[%clk 00:50:16]} {[%emt 00:01:03]} 15. Bd3 {[%clk 01:29:02]} {[%emt 00:00:44]}
Nf5 {[%clk 00:47:34]} {[%emt 00:03:12]} 16. Bxf5 {[%clk 01:28:33]} {[%emt
00:01:00]} exf5 {[%clk 00:46:20]} {[%emt 00:01:44]} 17. Nh3 {[%clk 01:22:01]}
{[%emt 00:07:01]} Rh7 {[%clk 00:37:20]} {[%emt 00:09:30]} 18. O-O {[%clk
01:17:45]} {[%emt 00:04:47]} Ne7 {[%clk 00:35:30]} {[%emt 00:02:19]} 19. Rfe1
{[%clk 01:15:34]} {[%emt 00:02:41]} Qc6 {[%clk 00:28:22]} {[%emt 00:07:38]} 20.
Ng5 {[%clk 01:11:02]} {[%emt 00:05:02]} Rg7 {[%clk 00:27:49]} {[%emt 00:01:03]}
21. e6 {[%clk 01:09:09]} {[%emt 00:02:23]} f6 {[%clk 00:25:16]} {[%emt
00:03:03]} 22. Ngf7 {[%clk 01:05:46]} {[%emt 00:03:52]} a6 {[%clk 00:16:07]}
{[%emt 00:09:40]} 23. Qd3 {[%clk 00:38:06]} {[%emt 00:28:10]} b5 {[%clk
00:11:01]} {[%emt 00:05:36]} 24. Nxc8 {[%clk 00:30:30]} {[%emt 00:08:06]} Rxc8
{[%clk 00:09:48]} {[%emt 00:01:44]} 25. Ra3 {[%clk 00:29:20]} {[%emt 00:01:39]}
Rb8 {[%clk 00:06:41]} {[%emt 00:03:36]} 1/2-1/2

[Event "ODJM B 2025"]
[Site "Willingen GER"]
[Date "2025.06.11"]
[Round "5"]
[White "Fabritius, Wolf"]
[Black "Othman, Beesan"]
[Result "1-0"]
[Termination "normal"]
[Board "32"]
[WhiteElo "1551"]
[BlackElo "1732"]
[WhiteClock "00:27:17"]
[BlackClock "00:04:11"]
[PlyCount "73"]
[WhiteFideId "34632603"]
[BlackFideId "34640738"]
[EventCountry "GER"]
[EventRounds "9"]
[EventType "swiss"]
[EventDate "2025.06.07"]

1. d4 {[%clk 01:30:59]} Nf6 {[%clk 01:30:55]} {[%emt 00:00:06]} 2. Nf3 {[%clk
01:31:24]} {[%emt 00:00:04]} e6 {[%clk 01:31:19]} {[%emt 00:00:06]} 3. c4
{[%clk 01:31:47]} {[%emt 00:00:07]} b6 {[%clk 01:31:25]} {[%emt 00:00:25]} 4.
g3 {[%clk 01:31:49]} {[%emt 00:00:27]} Bb7 {[%clk 01:31:28]} {[%emt 00:00:27]}
5. Bg2 {[%clk 01:32:14]} {[%emt 00:00:05]} Bb4+ {[%clk 01:27:59]} {[%emt
00:04:00]} 6. Bd2 {[%clk 01:32:39]} {[%emt 00:00:05]} a5 {[%clk 01:20:25]}
{[%emt 00:08:03]} 7. a3 {[%clk 01:30:16]} {[%emt 00:02:53]} Bxd2+ {[%clk
01:19:04]} {[%emt 00:01:51]} 8. Qxd2 {[%clk 01:30:12]} {[%emt 00:00:34]} O-O
{[%clk 01:19:16]} {[%emt 00:00:18]} 9. O-O {[%clk 01:30:35]} {[%emt 00:00:07]}
d6 {[%clk 01:11:25]} {[%emt 00:08:21]} 10. Nc3 {[%clk 01:27:17]} {[%emt
00:03:48]} Nbd7 {[%clk 01:08:55]} {[%emt 00:03:00]} 11. Rfe1 {[%clk 01:24:55]}
{[%emt 00:02:52]} Ne4 {[%clk 00:53:39]} {[%emt 00:15:47]} 12. Nxe4 {[%clk
01:19:35]} {[%emt 00:05:50]} Bxe4 {[%clk 00:54:06]} {[%emt 00:00:02]} 13. Qe3
{[%clk 01:12:53]} {[%emt 00:07:12]} Nf6 {[%clk 00:50:40]} {[%emt 00:03:56]} 14.
Rad1 {[%clk 01:06:41]} {[%emt 00:06:42]} a4 {[%clk 00:38:06]} {[%emt 00:13:05]}
15. Nd2 {[%clk 01:03:18]} {[%emt 00:03:52]} Bxg2 {[%clk 00:38:28]} {[%emt
00:00:08]} 16. Kxg2 {[%clk 01:03:42]} {[%emt 00:00:06]} Qd7 {[%clk 00:36:14]}
{[%emt 00:02:44]} 17. Qc3 {[%clk 00:56:07]} {[%emt 00:08:05]} Rfb8 {[%clk
00:31:01]} {[%emt 00:05:44]} 18. e4 {[%clk 00:54:09]} {[%emt 00:02:27]} Ne8
{[%clk 00:15:18]} {[%emt 00:16:13]} 19. d5 {[%clk 00:51:32]} {[%emt 00:03:07]}
e5 {[%clk 00:15:28]} {[%emt 00:00:20]} 20. Nf3 {[%clk 00:44:00]} {[%emt
00:08:02]} Ra5 {[%clk 00:15:34]} {[%emt 00:00:24]} 21. Re3 {[%clk 00:43:47]}
{[%emt 00:00:42]} Rc5 {[%clk 00:15:47]} {[%emt 00:00:18]} 22. Qb4 {[%clk
00:42:28]} {[%emt 00:01:48]} b5 {[%clk 00:15:53]} {[%emt 00:00:24]} 23. Nxe5
{[%clk 00:42:31]} {[%emt 00:00:28]} Qc8 {[%clk 00:15:32]} {[%emt 00:00:52]} 24.
Nc6 {[%clk 00:42:36]} {[%emt 00:00:25]} Rxc4 {[%clk 00:15:46]} {[%emt
00:00:16]} 25. Qxc4 {[%clk 00:42:32]} {[%emt 00:00:34]} bxc4 {[%clk 00:15:58]}
{[%emt 00:00:17]} 26. Ne7+ {[%clk 00:42:57]} {[%emt 00:00:05]} Kf8 {[%clk
00:16:24]} {[%emt 00:00:04]} 27. Nxc8 {[%clk 00:43:21]} {[%emt 00:00:06]} Rxc8
{[%clk 00:16:52]} {[%emt 00:00:01]} 28. Rc3 {[%clk 00:43:06]} {[%emt 00:00:46]}
c5 {[%clk 00:16:53]} {[%emt 00:00:29]} 29. Rxc4 {[%clk 00:43:17]} {[%emt
00:00:19]} Rb8 {[%clk 00:17:02]} {[%emt 00:00:22]} 30. Rb1 {[%clk 00:43:30]}
{[%emt 00:00:17]} Ra8 {[%clk 00:17:26]} {[%emt 00:00:06]} 31. Kf3 {[%clk
00:43:00]} {[%emt 00:01:00]} Nc7 {[%clk 00:17:26]} {[%emt 00:00:29]} 32. e5
{[%clk 00:38:25]} {[%emt 00:05:04]} Nb5 {[%clk 00:08:36]} {[%emt 00:09:21]} 33.
exd6 {[%clk 00:36:47]} {[%emt 00:02:09]} Nd4+ {[%clk 00:08:15]} {[%emt
00:00:50]} 34. Kg2 {[%clk 00:30:18]} {[%emt 00:06:58]} Ra5 {[%clk 00:04:46]}
{[%emt 00:04:00]} 35. Re1 {[%clk 00:28:46]} {[%emt 00:02:01]} Nb3 {[%clk
00:03:42]} {[%emt 00:01:35]} 36. d7 {[%clk 00:27:40]} {[%emt 00:01:36]} Ra8
{[%clk 00:04:11]} {[%emt 00:00:01]} 37. Rce4 {[%clk 00:27:17]} {[%emt
00:00:53]} 1-0

[Event "ODJM B 2025"]
[Site "Willingen GER"]
[Date "2025.06.11"]
[Round "5"]
[White "Schmidt, Jossip"]
[Black "Fize, Aleksandrs"]
[Result "1-0"]
[Termination "normal"]
[Board "33"]
[WhiteElo "1647"]
[BlackElo "1712"]
[WhiteClock "00:54:20"]
[BlackClock "00:37:26"]
[PlyCount "59"]
[WhiteFideId "34621148"]
[BlackFideId "34623779"]
[EventCountry "GER"]
[EventRounds "9"]
[EventType "swiss"]
[EventDate "2025.06.07"]

1. e4 {[%clk 01:30:58]} {[%emt 00:00:01]} c5 {[%clk 01:30:57]} {[%emt
00:00:04]} 2. Nc3 {[%clk 01:31:15]} {[%emt 00:00:12]} e6 {[%clk 01:31:20]}
{[%emt 00:00:08]} 3. g3 {[%clk 01:31:32]} {[%emt 00:00:12]} Nc6 {[%clk
01:31:34]} {[%emt 00:00:17]} 4. Bg2 {[%clk 01:31:56]} {[%emt 00:00:06]} Nf6
{[%clk 01:31:03]} {[%emt 00:01:00]} 5. Nge2 {[%clk 01:31:33]} {[%emt 00:00:53]}
Be7 {[%clk 01:26:09]} {[%emt 00:05:25]} 6. O-O {[%clk 01:31:39]} {[%emt
00:00:23]} O-O {[%clk 01:26:02]} {[%emt 00:00:38]} 7. d3 {[%clk 01:31:27]}
{[%emt 00:00:41]} a6 {[%clk 01:20:07]} {[%emt 00:06:25]} 8. a4 {[%clk
01:30:42]} {[%emt 00:01:16]} d6 {[%clk 01:18:54]} {[%emt 00:01:43]} 9. h3
{[%clk 01:26:34]} {[%emt 00:04:37]} Qc7 {[%clk 01:14:27]} {[%emt 00:04:58]} 10.
g4 {[%clk 01:20:59]} {[%emt 00:06:05]} b6 {[%clk 01:13:57]} {[%emt 00:01:00]}
11. f4 {[%clk 01:20:13]} {[%emt 00:01:16]} Bb7 {[%clk 01:10:43]} {[%emt
00:03:44]} 12. f5 {[%clk 01:15:11]} {[%emt 00:05:31]} exf5 {[%clk 01:09:24]}
{[%emt 00:01:49]} 13. g5 {[%clk 01:13:43]} {[%emt 00:01:58]} Ne8 {[%clk
00:46:02]} {[%emt 00:23:52]} 14. Nd5 {[%clk 01:11:14]} {[%emt 00:02:59]} Qd8
{[%clk 00:46:11]} {[%emt 00:00:21]} 15. Nxe7+ {[%clk 01:10:52]} {[%emt
00:00:52]} Nxe7 {[%clk 00:45:51]} {[%emt 00:00:50]} 16. exf5 {[%clk 01:10:06]}
{[%emt 00:01:16]} Bxg2 {[%clk 00:43:47]} {[%emt 00:02:33]} 17. Kxg2 {[%clk
01:10:06]} {[%emt 00:00:31]} Nd5 {[%clk 00:43:59]} {[%emt 00:00:18]} 18. c4
{[%clk 01:09:20]} {[%emt 00:01:16]} Nb4 {[%clk 00:43:27]} {[%emt 00:01:01]} 19.
f6 {[%clk 01:08:22]} {[%emt 00:01:29]} Qd7 {[%clk 00:41:33]} {[%emt 00:02:25]}
20. Ng3 {[%clk 01:06:46]} {[%emt 00:02:05]} d5 {[%clk 00:41:18]} {[%emt
00:00:45]} 21. Qf3 {[%clk 00:59:44]} {[%emt 00:07:32]} Rd8 {[%clk 00:37:26]}
{[%emt 00:04:22]} 22. Nf5 {[%clk 00:54:20]} {[%emt 00:05:54]} Qe6 {[%emt
00:07:59]} 23. fxg7 {[%emt 00:00:01]} Nxg7 {[%emt 00:00:05]} 24. Nh6+ {[%emt
00:00:02]} Kh8 {[%emt 00:00:17]} 25. Nxf7+ {[%emt 00:00:25]} Rxf7 {[%emt
00:00:04]} 26. Qxf7 {[%emt 00:00:44]} Qd6 {[%emt 00:00:56]} 27. Bf4 {[%emt
00:00:47]} Qc6 {[%emt 00:02:28]} 28. Be5 {[%emt 00:01:33]} Rg8 {[%emt
00:01:29]} 29. Qxg7+ {[%emt 00:00:10]} Rxg7 {[%emt 00:00:05]} 30. Rf8# {[%emt
00:00:16]} 1-0